Statistics for Formula 1 Drivers 2023 Season

Click here to take the quiz!

General Stats

  • This quiz has been taken 66 times
  • The average score is 19 of 20

Answer Stats

TeamDriver% Correct
FerrariCharles Leclerc
100%
Aston MartinFernando Alonso
98%
Red Bull RacingMax Verstappen
98%
AlpinePierre Gasly
98%
Red Bull RacingSergio Pérez
98%
MercedesSir Lewis Hamilton
98%
Alfa RomeoValtteri Bottas
98%
Alfa RomeoZhou Guanyu
98%
FerrariCarlos Sainz
96%
AlpineEsteban Ocon
96%
MercedesGeorge Russell
96%
Haas F1 TeamKevin Magnussen
96%
Aston MartinLance Stroll
96%
AlphaTauriYuki Tsunoda
96%
McLarenLando Norris
95%
Haas F1 TeamNico Hülkenberg
95%
McLarenOscar Piastri
95%
WilliamsAlexander Albon
93%
AlphaTauriNyck de Vries
93%
WilliamsLogan Sargeant
89%

Score Distribution

Percentile by Number Answered

Percent of People with Each Score

Your Score History

You have not taken this quiz